Daily Capital City Riddle #43 - Statistics

General Stats
  • This quiz has been taken 52 times
  • The average score is 28 of 34
Answer Stats
Type Answer % Correct
Found Letter A
100%
Alphabet Letter I
100%
Found Letter N
100%
Alphabet Letter O
100%
Found Letter R
100%
Alphabet Letter B
98%
Alphabet Letter C
96%
Found Letter E
96%
Alphabet Letter S
96%
Alphabet Letter L
93%
Alphabet Letter T
93%
Correctly Placed Letter A
91%
Alphabet Letter D
91%
Alphabet Letter W
91%
Alphabet Letter G
89%
Alphabet Letter P
89%
Alphabet Letter H
87%
Alphabet Letter K
87%
Alphabet Letter M
87%
Correctly Placed Letter E
84%
Alphabet Letter U
84%
Correctly Placed Letter R
82%
Alphabet Letter J
78%
Correctly Placed Letter E
76%
Found Letter V
76%
Found Letter Y
76%
Alphabet Letter X
69%
Alphabet Letter Q
67%
Alphabet Letter F
64%
Correctly Placed Letter N
62%
Alphabet Letter Z
62%
Correctly Placed Letter V
60%
Correctly Placed Letter Y
60%
Mystery Capital Yerevan
60%
No matching quizzes found
Score Distribution
Percent of People with Each Score
Percentile by Number Answered
Your Score History
You have not taken this quiz